000 00996cam a2200289I 4500
001 1096
003 BD-RjUL
005 20211208233256.0
008 131124s1955 maua 00010 eng
035 _a(BD-RjUL) 1118
040 _aDLC
_cWSU
_dSER
_dm.c.
_dBOS
_dBD-RjUL
_beng
041 _aeng
082 _a028.5
_bNEW 1955
245 1 0 _aNewbery medal books, 1922-1955,
_bwith their author's acceptance papers & related material chiefly from the Horn book magazine /
_cedited by Bertha Mahony Miller and Elinor Whitney Field.
260 _aBoston :
_bHorn Book, inc.,
_c1955.
300 _av.1, xvi, 458 p. :
_billus. ;
_c24 cm.
490 1 _aHorn book papers,
_vv. 1.
650 0 _aNewbery Medal.
_93230
830 0 _vv. 1.
_9116189
700 1 0 _aField, Elinor Whitney,
_d1889-1980.
_93232
700 1 0 _aMiller, Bertha E. Mahony
_93233
730 4 1 _aThe Horn book magazine.
_9116190
830 0 _aHorn book papers,
_9116191
942 _2ddc
_cBK
999 _c1096
_d1096